| 000 | 00558nam a2200181 i 4500 | ||
|---|---|---|---|
| 001 | 112398 | ||
| 003 | ES-MaACL | ||
| 005 | 20240125164755.0 | ||
| 007 | t| | ||
| 008 | 061121s1929 sp r ||||1| spa d | ||
| 100 | 1 |
_aOrtega y Gasset, José, _d1883-1955 _987503 |
|
| 245 | 1 | 0 |
_aKant, 1724-1924 _b: reflexiones de centenario / _cJosé Ortega y Gasset. |
| 260 |
_aMadrid : _bRevista de Occidente, _c1929. |
||
| 300 |
_a67 p. ; _c22 cm. |
||
| 600 | 1 | 4 |
_aKant, Immanuel, _d1724-1804 _9222608 |
| 852 |
_aES-MaACL _j1741-F-2 |
||
| 999 |
_c112398 _d112398 |
||